criminels Français et Belges - Statistiques

Statistiques générales
  • Ce quiz a été pris 21 fois
    14 depuis la dernière actualisation
  • Le résultat moyen est 5 sur 16
Statistiques - réponses
Par images Réponse % Correct
Michel Fourniret
100%
Marc Dutroux
86%
Guy Georges
57%
Emile Louis
50%
Nordahl Lelandais
43%
Françis Heaulme
36%
Jonathann Daval
21%
Patrice Alegre
21%
Pierre Chanal
21%
Simone Weber
14%
Christine Malevre
7%
Henri Desiré Landru
7%
Jean Pierre Treiber
7%
Patrick Henry
7%
Thierry Paulin
7%
Tony Meilhon
7%
Aucun quiz correspondant
Distribution des résultats
% des personnes avec chaque résultat
Percentile par nombre de réponses
Votre historique - résultats
Vous n’avez pas pris ce quiz depuis la dernière actualisation